[Event "Take Time to Think: This One's Leisurely"]
[Site "SchemingMind.com"]
[Date "2010.08.03"]
[Round "-"]
[White "David Hartley"]
[Black "Brian Acebo"]
[Result "1-0"]
[WhiteCountry "ENG"]
[BlackCountry "USA"]
[WhiteElo "1855"]
[WhiteRD "61"]
[BlackElo "1646"]
[BlackRD "76"]
[GameID "256312"]

1. e4 c5 2. Nc3 Nc6 3. g3 Nf6 4. Bg2 e6 5. d3 g6 6. Nge2 Bg7 7. Bd2 O-O 8. O-O Rb8 9. Rb1 d6 10. a3 a6
11. Qc1 Qc7 12. Bh6 b5 13. Bxg7 Kxg7 14. Qd2 a5 15. Nd1 e5 16. Ne3 Be6 17. f4 exf4 18. Nxf4 Ne8 19. Rf2 Bd7 20. Rbf1 Ne5
21. Nfd5 Qb7 22. c3 b4 23. d4 cxd4 24. cxd4 Nc6 25. Bf3 bxa3 26. bxa3 a4 27. Bg4 Bxg4 28. Nxg4 Qd7 29. Qh6+
1-0

[Event "Take Time to Think: This One's Leisurely"]
[Site "SchemingMind.com"]
[Date "2010.08.02"]
[Round "-"]
[White "David Hartley"]
[Black "dla ani"]
[Result "1/2-1/2"]
[WhiteCountry "ENG"]
[BlackCountry "POL"]
[WhiteElo "1855"]
[WhiteRD "61"]
[BlackElo "1974"]
[BlackRD "79"]
[GameID "256313"]

1. e4 Nc6 2. d4 d5 3. e5 Bf5 4. c3 e6 5. Bd3 Nge7 6. f4 f6 7. Nf3 fxe5 8. fxe5 Qd7 9. O-O O-O-O 10. Nh4 h6
11. Qc2 Bxd3 12. Qxd3 g5 13. Ng6 Rg8 14. Nxf8 Rdxf8 15. Be3 Nf5 16. Nd2 Nce7 17. Nb3 Nxe3 18. Qxe3 Nf5 19. Qe2 c6 20. Rf2 b6
21. Raf1 Qe7 22. Qh5 c5 23. Qe2 cxd4 24. cxd4 Kb7 25. Qb5 Ne3 26. Na5+ Kc8 27. Rc1+ Nc4 28. Rxf8+ Rxf8 29. Nxc4 dxc4 30. Rxc4+ Kb8
31. Qc6 Qf7 32. Qd6+ Kb7 33. Qc6+=
1/2-1/2

[Event "Take Time to Think: This One's Leisurely"]
[Site "SchemingMind.com"]
[Date "2010.08.04"]
[Round "-"]
[White "David Hartley"]
[Black "chesspool"]
[Result "1-0"]
[WhiteCountry "ENG"]
[BlackCountry "USA"]
[WhiteElo "1870"]
[WhiteRD "64"]
[BlackElo "1630"]
[BlackRD "67"]
[GameID "256314"]

1. e4 Nf6 2. e5 Nd5 3. d4 d6 4. Nf3 Bg4 5. h3 Bh5 6. Be2 e6 7. O-O Be7 8. c4 Nb6 9. Nc3 O-O 10. Be3 Nc6
11. exd6 cxd6 12. d5 Bxf3 13. Bxf3 Ne5 14. b3 Bf6 15. Rc1 Rc8 16. dxe6
1-0

[Event "Take Time to Think: This One's Leisurely"]
[Site "SchemingMind.com"]
[Date "2010.08.02"]
[Round "-"]
[White "Majoanis"]
[Black "David Hartley"]
[Result "0-1"]
[WhiteCountry "CAN"]
[BlackCountry "ENG"]
[WhiteElo "1395"]
[WhiteRD "85"]
[BlackElo "1844"]
[BlackRD "66"]
[GameID "256315"]

1. Nf3 d5 2. c4 e6 3. d4 Nf6 4. g3 Be7 5. Bg2 O-O 6. O-O c6 7. Qc2 Nbd7 8. Nbd2 dxc4 9. Nxc4 Nb6 10. Nce5 Nfd7
11. Rd1 f6 12. Nxd7 Bxd7
0-1

[Event "Take Time to Think: This One's Leisurely"]
[Site "SchemingMind.com"]
[Date "2010.08.04"]
[Round "-"]
[White "tyler_ensor"]
[Black "David Hartley"]
[Result "1-0"]
[WhiteCountry "CAN"]
[BlackCountry "ENG"]
[WhiteElo "1880"]
[WhiteRD "65"]
[BlackElo "1875"]
[BlackRD "62"]
[GameID "256317"]

1. d4 d5 2. c4 e6 3. Nc3 Nf6 4. Bg5 Nbd7 5. e3 c6 6. Nf3 Qa5 7. Nd2 Bb4 8. Qc2 dxc4 9. Bxf6 Nxf6 10. Nxc4 Qc7
11. a3 Be7 12. Bd3 O-O 13. O-O g6 14. Ne4 Rd8 15. Ne5 Bd7 16. Nc5 Be8 17. Rac1 Bd6 18. f4 Nd7 19. Ncxd7 Bxd7 20. h4 Rac8
21. h5 Bxe5 22. fxe5 Be8 23. hxg6 fxg6 24. Rf6 Bf7 25. Rcf1 Rf8 26. Qf2 Qe7 27. Qh4 Kg7 28. Rxg6+
1-0

[Event "Take Time to Think: This One's Leisurely"]
[Site "SchemingMind.com"]
[Date "2010.08.03"]
[Round "-"]
[White "palomo"]
[Black "David Hartley"]
[Result "0-1"]
[WhiteCountry "ARG"]
[BlackCountry "ENG"]
[WhiteElo "1570"]
[WhiteRD "104"]
[BlackElo "1842"]
[BlackRD "70"]
[GameID "256318"]

1. e4 e5 2. Nf3 Nc6 3. Bb5 a6 4. Bxc6 dxc6 5. O-O Qd6 6. Re1 Be6 7. d4 exd4 8. Qxd4 Be7 9. Qxg7 Bf6 10. Qg3 O-O-O
11. Qxd6 cxd6 12. Nc3 Bxc3 13. bxc3 f6 14. a4 Ne7 15. Be3 Rdg8 16. a5 Ng6 17. Bb6 Nf8 18. Nd4 Kd7 19. Nxe6 Nxe6 20. Ra4 Nc7
21. Rb4 Rg5 22. c4 Na8 23. Bd4 Rf8 24. Rxb7+ Nc7 25. c5 Kc8 26. Reb1 Nb5 27. Rb6 Kd7 28. Be3 Re5 29. Rb7+ Ke6 30. cxd6 Rxe4
31. d7 Re5 32. Bb6 Nd6 33. Ra7 Nb5 34. Rxa6 Kxd7 35. c4 Nc3 36. Ra7+ Ke6 37. Rf1 h5 38. Be3 Rg8 39. Rc7 Rxa5 40. Rxc6+ Kf7
0-1

[Event "Take Time to Think: This One's Leisurely"]
[Site "SchemingMind.com"]
[Date "2010.08.03"]
[Round "-"]
[White "Brian Acebo"]
[Black "David Hartley"]
[Result "0-1"]
[WhiteCountry "USA"]
[BlackCountry "ENG"]
[WhiteElo "1646"]
[WhiteRD "76"]
[BlackElo "1855"]
[BlackRD "61"]
[GameID "256319"]

1. e4 e5 2. Nf3 Nc6 3. Bb5 a6 4. Bc4 Bc5 5. O-O Nf6 6. Re1 O-O 7. c3 d6 8. b4 Ba7 9. h3 Re8 10. d3 Be6
11. Nbd2 d5 12. exd5 Bxd5 13. Bb2 Qd7 14. Qc2 Qd6 15. Bxd5 Qxd5 16. c4 Qd6 17. c5 Nxb4 18. Qc3 Qxc5 19. Qxc5 Bxc5 20. Nxe5 Nc2
21. Nef3 Nxe1 22. Rxe1 Rxe1+ 23. Nxe1 Nd5 24. Nef3 Re8 25. Kf1 Nb4 26. a3 Nxd3 27. Bc3 Bxa3 28. Nc4 Bc5 29. Nfd2 Re1#
0-1

[Event "Take Time to Think: This One's Leisurely"]
[Site "SchemingMind.com"]
[Date "2010.08.02"]
[Round "-"]
[White "dla ani"]
[Black "David Hartley"]
[Result "1/2-1/2"]
[WhiteCountry "POL"]
[BlackCountry "ENG"]
[WhiteElo "1987"]
[WhiteRD "79"]
[BlackElo "1870"]
[BlackRD "64"]
[GameID "256320"]

1. e4 e5 2. Nf3 Nc6 3. Nc3 Nf6 4. Bb5 Bb4 5. O-O O-O 6. d3 d6 7. Bg5 Bxc3 8. bxc3 a6 9. Bc4 Na5 10. Bb3 Nxb3
11. axb3 Bd7 12. Nd2 Qe8 13. Bxf6 gxf6 14. f4 f5 15. fxe5 dxe5 16. exf5 f6 17. Qg4+ Kh8 18. Ne4 Rf7 19. Rf3 Qe7 20. Raf1 Rg7
21. Qh4 Rf8 22. Rg3 Rxg3 23. Nxg3 Qc5+ 24. Kh1 Qxc3 25. Nh5 Qxc2 26. Nxf6 Rf7 27. Nxd7 Qxd3 28. Qd8+ Kg7 29. Qg5+=
1/2-1/2

[Event "Take Time to Think: This One's Leisurely"]
[Site "SchemingMind.com"]
[Date "2010.08.04"]
[Round "-"]
[White "chesspool"]
[Black "David Hartley"]
[Result "0-1"]
[WhiteCountry "USA"]
[BlackCountry "ENG"]
[WhiteElo "1625"]
[WhiteRD "61"]
[BlackElo "1844"]
[BlackRD "66"]
[GameID "256321"]

1. d4 d5 2. c4 e6 3. Nc3 Nf6 4. Bg5 Be7 5. Nf3 Nbd7 6. e3 c6 7. Bd3 dxc4 8. Bxc4 Nd5 9. Bxe7 Qxe7 10. O-O Nxc3
11. bxc3 O-O 12. Bd3 e5 13. Nxe5 Nxe5 14. dxe5 Be6 15. f4 Qc5
0-1

[Event "Take Time to Think: This One's Leisurely"]
[Site "SchemingMind.com"]
[Date "2010.08.03"]
[Round "-"]
[White "JLD"]
[Black "David Hartley"]
[Result "0-1"]
[WhiteCountry "USA"]
[BlackCountry "ENG"]
[WhiteElo "1687"]
[WhiteRD "82"]
[BlackElo "1844"]
[BlackRD "66"]
[GameID "256357"]

1. e4 e5 2. Nf3 Nc6 3. Bb5 a6 4. Ba4 Nf6 5. O-O Be7 6. Re1 b5 7. Bb3 d6 8. c3 O-O 9. h3 Nb8 10. d4 Nbd7
11. Nbd2 c6 12. Nf1 h6 13. Ng3 Bb7
0-1

[Event "Take Time to Think: This One's Leisurely"]
[Site "SchemingMind.com"]
[Date "2010.08.03"]
[Round "-"]
[White "JLD"]
[Black "kwabena"]
[Result "1-0"]
[WhiteCountry "USA"]
[BlackCountry "ENG"]
[WhiteElo "2006"]
[WhiteRD "91"]
[BlackElo "1527"]
[BlackRD "72"]
[GameID "256359"]

1. e4 d5 2. exd5 Qxd5 3. Nc3 Qa5 4. d4 Nf6 5. Bc4 Bf5 6. Nf3 e6 7. O-O h6 8. Bd2 Qb6 9. d5 exd5 10. Re1+ Be7
11. Qe2 Qd6 12. Bf4 Qd8 13. Nxd5 Nxd5 14. Bxd5 Nc6 15. Bxc6+ bxc6 16. Rad1 Bd7 17. Bxc7
1-0

[Event "Take Time to Think: This One's Leisurely"]
[Site "SchemingMind.com"]
[Date "2010.08.04"]
[Round "-"]
[White "JLD"]
[Black "tyler_ensor"]
[Result "0-1"]
[WhiteCountry "USA"]
[BlackCountry "CAN"]
[WhiteElo "1687"]
[WhiteRD "82"]
[BlackElo "1887"]
[BlackRD "67"]
[GameID "256360"]

1. e4 c5 2. Nf3 d6 3. d4 cxd4 4. Nxd4 Nf6 5. Nc3 a6 6. Be2 e5 7. Nb3 Be7 8. O-O O-O 9. Kh1 b6 10. Bg5 Nbd7
11. Nd5 Nxd5 12. Qxd5 Rb8 13. Bxe7 Qxe7
0-1

[Event "Take Time to Think: This One's Leisurely"]
[Site "SchemingMind.com"]
[Date "2010.08.07"]
[Round "-"]
[White "JLD"]
[Black "palomo"]
[Result "0-1"]
[WhiteCountry "USA"]
[BlackCountry "ARG"]
[WhiteElo "1687"]
[WhiteRD "82"]
[BlackElo "1717"]
[BlackRD "93"]
[GameID "256361"]

1. e4 e5 2. Nf3 Nc6 3. Bb5 a6 4. Ba4 Nf6 5. O-O b5 6. Bb3 Be7 7. Re1 O-O 8. h3 d6 9. c3 Bb7 10. d4 Re8
11. Nbd2 Bf8 12. a4 Na5 13. Bc2 Nc4
0-1

[Event "Take Time to Think: This One's Leisurely"]
[Site "SchemingMind.com"]
[Date "2010.08.04"]
[Round "-"]
[White "JLD"]
[Black "Brian Acebo"]
[Result "0-1"]
[WhiteCountry "USA"]
[BlackCountry "USA"]
[WhiteElo "1687"]
[WhiteRD "82"]
[BlackElo "1685"]
[BlackRD "74"]
[GameID "256362"]

1. e4 c6 2. d4 d5 3. exd5 cxd5 4. c4 Nf6 5. Nc3 e6 6. Nf3 Bb4 7. cxd5 Nxd5 8. Bd2 Qa5 9. Qc2 Nxc3 10. bxc3 Bd6
11. Bd3 O-O 12. Bxh7+ Kh8
0-1

[Event "Take Time to Think: This One's Leisurely"]
[Site "SchemingMind.com"]
[Date "2010.08.04"]
[Round "-"]
[White "JLD"]
[Black "dla ani"]
[Result "0-1"]
[WhiteCountry "USA"]
[BlackCountry "POL"]
[WhiteElo "1687"]
[WhiteRD "82"]
[BlackElo "1987"]
[BlackRD "75"]
[GameID "256363"]

1. e4 Nc6 2. d4 d5 3. Nc3 Nf6 4. e5 Nd7 5. Nf3 Nb6 6. h3 Bf5 7. Bd3 Bxd3 8. Qxd3 e6 9. O-O Be7 10. Bf4 Qd7
11. Rfe1 Nb4 12. Qe2 c5 13. dxc5 Bxc5 14. Rad1 a6 15. a3 Nc6
0-1

[Event "Take Time to Think: This One's Leisurely"]
[Site "SchemingMind.com"]
[Date "2010.08.04"]
[Round "-"]
[White "JLD"]
[Black "chesspool"]
[Result "0-1"]
[WhiteCountry "USA"]
[BlackCountry "USA"]
[WhiteElo "1687"]
[WhiteRD "82"]
[BlackElo "1625"]
[BlackRD "61"]
[GameID "256364"]

1. e4 Nf6 2. e5 Nd5 3. d4 d6 4. Nf3 Bg4 5. Be2 e6 6. O-O Be7 7. c4 Nb6 8. Nc3 O-O 9. Be3 Nc6 10. exd6 cxd6
11. d5 Bxf3 12. Bxf3 exd5 13. cxd5 Ne5
0-1

[Event "Take Time to Think: This One's Leisurely"]
[Site "SchemingMind.com"]
[Date "2010.08.03"]
[Round "-"]
[White "David Hartley"]
[Black "JLD"]
[Result "1-0"]
[WhiteCountry "ENG"]
[BlackCountry "USA"]
[WhiteElo "1844"]
[WhiteRD "66"]
[BlackElo "1687"]
[BlackRD "82"]
[GameID "256365"]

1. e4 c5 2. Nc3 Nc6 3. g3 g6 4. Bg2 Bg7 5. d3 d6 6. f4 e6 7. Nf3 Nge7 8. O-O O-O 9. Be3 Nd4 10. Bf2 Nec6
11. Ne2 Nxf3+ 12. Bxf3 Bxb2 13. Rb1 Bg7 14. Be3
1-0

[Event "Take Time to Think: This One's Leisurely"]
[Site "SchemingMind.com"]
[Date "2010.08.03"]
[Round "-"]
[White "Majoanis"]
[Black "JLD"]
[Result "0-1"]
[WhiteCountry "CAN"]
[BlackCountry "USA"]
[WhiteElo "1410"]
[WhiteRD "81"]
[BlackElo "2014"]
[BlackRD "95"]
[GameID "256366"]

1. Nf3 Nf6 2. c4 e6 3. g3 d5 4. d4 Be7 5. Bg2 O-O 6. O-O dxc4 7. Qc2 a6 8. Qxc4 b5 9. Qc2 Bb7 10. Bf4 Nd5
0-1

[Event "Take Time to Think: This One's Leisurely"]
[Site "SchemingMind.com"]
[Date "2010.08.03"]
[Round "-"]
[White "kwabena"]
[Black "JLD"]
[Result "0-1"]
[WhiteCountry "ENG"]
[BlackCountry "USA"]
[WhiteElo "1528"]
[WhiteRD "75"]
[BlackElo "2009"]
[BlackRD "96"]
[GameID "256367"]

1. e4 c5 2. Nf3 e6 3. d4 cxd4 4. Nxd4 Nf6 5. Bd3 Nc6 6. Nf3 Bc5 7. a3 d5 8. exd5 exd5 9. O-O O-O 10. Nc3 Bg4
11. h3 Bh5 12. Bg5 Be7 13. Be2 Ne4 14. Nxe4 dxe4 15. Qxd8 Bxd8 16. Bxd8 exf3 17. gxf3 Raxd8 18. Kg2 Rfe8 19. Bd3 Nd4 20. Be4 f5
21. Bxb7 Re7 22. Ba6 Bxf3+ 23. Kh2 Be2 24. Bxe2 Rxe2 25. c3 Nb3 26. Rae1 Rdd2 27. Kg3 Rxb2 28. Rd1 Nd2 29. Rfe1 Ne4+ 30. Kf4 Rxe1
31. Rxe1 Rxf2+ 32. Ke5 Nxc3 33. Re3 Re2 34. Rxe2 Nxe2 35. Kxf5 Kf7 36. h4 Nd4+ 37. Kf4 a5 38. Ke4 Nb5 39. Kd5 Nxa3 40. Kc5 h5
41. Kb6 g5 42. hxg5 h4 43. Kxa5 h3
0-1

[Event "Take Time to Think: This One's Leisurely"]
[Site "SchemingMind.com"]
[Date "2010.08.04"]
[Round "-"]
[White "tyler_ensor"]
[Black "JLD"]
[Result "1-0"]
[WhiteCountry "CAN"]
[BlackCountry "USA"]
[WhiteElo "1887"]
[WhiteRD "67"]
[BlackElo "1687"]
[BlackRD "82"]
[GameID "256368"]

1. d4 Nf6 2. c4 e6 3. Nc3 Bb4 4. e3 O-O 5. Bd3 d5 6. Ne2 c5 7. a3 cxd4 8. axb4 dxc3 9. bxc3 dxc4 10. Bxc4 Qc7
11. Qb3 Bd7 12. O-O
1-0

[Event "Take Time to Think: This One's Leisurely"]
[Site "SchemingMind.com"]
[Date "2010.08.07"]
[Round "-"]
[White "palomo"]
[Black "JLD"]
[Result "1-0"]
[WhiteCountry "ARG"]
[BlackCountry "USA"]
[WhiteElo "1717"]
[WhiteRD "93"]
[BlackElo "1687"]
[BlackRD "82"]
[GameID "256369"]

1. e4 c5 2. Nf3 e6 3. d4 cxd4 4. Nxd4 Nf6 5. Nc3 d6 6. Bg5 Be7 7. Qd2 a6 8. O-O-O Qc7 9. Bd3 Nbd7 10. f3 b5
11. h4 Bb7 12. Rde1 O-O 13. f4
1-0

[Event "Take Time to Think: This One's Leisurely"]
[Site "SchemingMind.com"]
[Date "2010.08.03"]
[Round "-"]
[White "Brian Acebo"]
[Black "JLD"]
[Result "1-0"]
[WhiteCountry "USA"]
[BlackCountry "USA"]
[WhiteElo "1685"]
[WhiteRD "74"]
[BlackElo "1687"]
[BlackRD "82"]
[GameID "256370"]

1. e4 c5 2. Nf3 e6 3. d4 cxd4 4. Nxd4 Nf6 5. Nc3 d6 6. g4 a6 7. g5 Nfd7 8. Be3 Nc6 9. Rg1 Qc7 10. h4 b5
11. h5 Nc5 12. Qd2
1-0

[Event "Take Time to Think: This One's Leisurely"]
[Site "SchemingMind.com"]
[Date "2010.08.03"]
[Round "-"]
[White "dla ani"]
[Black "JLD"]
[Result "1-0"]
[WhiteCountry "POL"]
[BlackCountry "USA"]
[WhiteElo "1987"]
[WhiteRD "75"]
[BlackElo "1687"]
[BlackRD "82"]
[GameID "256371"]

1. e4 c5 2. Nc3 Nc6 3. f4 g6 4. Nf3 Bg7 5. Bc4 e6 6. O-O Nge7 7. d3 O-O 8. Qe1 d5 9. Bb3 b6 10. f5 d4
11. Ne2 Na5 12. Qh4 Nxb3 13. axb3 exf5 14. Bg5 f6 15. Bd2 fxe4 16. Qxe4 Bf5 17. Qb7
1-0

[Event "Take Time to Think: This One's Leisurely"]
[Site "SchemingMind.com"]
[Date "2010.08.04"]
[Round "-"]
[White "chesspool"]
[Black "JLD"]
[Result "1-0"]
[WhiteCountry "USA"]
[BlackCountry "USA"]
[WhiteElo "1625"]
[WhiteRD "61"]
[BlackElo "1687"]
[BlackRD "82"]
[GameID "256372"]

1. d4 Nf6 2. c4 e6 3. Nc3 Bb4 4. Qc2 O-O 5. Bd2 d5 6. e3 c5 7. Nf3 cxd4 8. Nxd4 e5 9. Nf3 d4 10. exd4 exd4
11. Ne4 Re8 12. Bd3
1-0